| 000 | 00764nam a2200217 a 4500 | ||
|---|---|---|---|
| 001 | 000008392 | ||
| 005 | 20240412074207.0 | ||
| 008 | 090916s1999 dr 000 0 spa d | ||
| 040 |
_aDO-SdBNP _bspa _cBNPHU |
||
| 082 |
_a808.6 _bN127c |
||
| 100 | 1 |
_aNadal, Pablo _922625 |
|
| 245 | 1 | 0 |
_aCartas dominicanas / _cPablo Nadal ; prólogo Salvador Pittaluga Nivar. |
| 260 |
_aSanto Domingo, : _bEditorial Tiempo, _c1999. |
||
| 300 |
_a71 p. ; _c21 cm. |
||
| 504 | _aIncluye referencias bibliográficas y notas al pie de las páginas | ||
| 590 | _aInventariado, 2018/ YL | ||
| 650 | 4 |
_aCartas dominicanas _xColecciones _922626 |
|
| 650 | 0 |
_aLiteratura dominicana. _967 |
|
| 700 | 1 | 2 |
_aPittaluga Nivar, Salvador, _epról. _922627 |
| 910 | _aValidado. Control de calidad MFF | ||
| 999 |
_c8163 _d8163 |
||